LEADER 01577nam a2200337 u 4500 001 000000107129 003 CaOOAMICUS 005 20070920162440.0 008 070920s1995 it u000 u ita u 020 $a88-459-1129-2 040 $aPUL$bita$dLDB 041 1 $aita$heng 100 1 $aWittgenstein, Ludwig,$d1889-1951.$0(OLS)http://pul/name/8445 240 10$aWittgenstein's lectures Cambridge 1930-1932$lItaliano.$0(OLS)http://pul/title/134897 245 10$aLezioni 1930-1932 :$bdagli appunti di John King e Desmond Lee /$cLudwig Wittgenstein ; a cura di Desmond Lee ; edizione italiana a cura di Aldo Giorgio Gargani. 260 $aMilano :$bAdelphi,$cc1995. 300 $a188 p. ;$c22 cm 490 1 $aBiblioteca filosofica Adelphi ;$v12 650 4$aFilosofia del linguaggio.$0(OLS)http://pul/subject/8316 700 1 $aGargani, Aldo Giorgio,$d1933-2009.$0(OLS)http://pul/name/40987 700 1 $aLee, Desmond.$0(OLS)http://pul/name/65790 830 0$aBiblioteca filosofica (Adelphi) ;$v12.$0(OLS)http://pul/title/23300 850 $aPUL 852 $aPUL$W1$xSL Religione 1$y3$m21 H 23$j121610$qStampati$B120640$CPULBib$Z2$F120640 $H76535 $82 941 1 $a8 960 $aLinguaggio$xFilosofia$98316 960 $aLinguaggio e filosofia$98316 960 $aLinguaggio e pensiero$98316 996 $6020$a88-459-1129-2$9(OLS)http://pul/number/135696 996 $6245$aLezioni 1930-1932 :$bdagli appunti di John King e Desmond Lee$9(OLS)http://pul/title/134898 996 $6260$aMilano :$bAdelphi$9(OLS)http://pul/publisher/51018 LEADER 02140nam a2200493 u 4500 001 000000056297 003 CaOOAMICUS 005 20070226120446.0 008 010404s1993 it u000 u ita u 020 $a8830805378 (v.1) 020 $a8830805386 035 $a10871157 040 $aPUL(R)$bita 041 1 $aita$hger 100 1 $aAuer, Johann,$d1910-1989.$0(OLS)http://pul/name/12641 240 10$aKleine katholische Dogmatik : Jesus Christus.$0(OLS)http://pul/title/75295 245 10$aGesł il Salvatore /$cJohann Auer ; a cura di Carlo Molari ; traduzione di Emilio Filippi. 260 $aAssisi :$bCittadella,$c1993. 300 $a2 v.; ;$c19 cm 490 1 $aPiccola dogmatica cattolica ;$v1-2 500 $aContiene indice. 504 $aContiene bibliografia. 650 4$aCristologia.$0(OLS)http://pul/subject/1402 650 4$aSalvezza.$0(OLS)http://pul/subject/2067 700 1 $aFilippi, Emilio.$0(OLS)http://pul/name/39505 700 0 $aBenedictus PP.$bXVI,$d1927-2022.$0(OLS)http://pul/name/14991 700 1 $aMolari, Carlo,$d1928-$0(OLS)http://pul/name/12620 830 0$aPiccola dogmatica cattolica ;$v1-2.$0(OLS)http://pul/title/75297 850 $aPUL 852 $aPUL$W1$xSL Religione 1$y3$m65 F 31-32$j73864$n $b $qStampati$B73864$CPULBib$Z2$F73864 $H $81 852 $aPUL$W1$xSL Religione 1$y3$m65 F 31-32$j73864$n $b $qStampati$B73865$CPULBib$Z2$F73865 $H $81 900 $aRatzinger, Joseph,$ccard.,$d1927-2022$914991 900 $aBenedetto XVI,$cpapa,$d1927-$914991 910 $aPapi (2005-2013 : Benedictus PP. XVI)$914991 910 $aPapi (2005-2013 : Benedictus PP. XVI)$914991 941 1 $a8 960 $aIesus Christus$91402 960 $aIesus Christus$91402 961 $aINV: 70925-70924 961 $aINV: 70925-70924 996 $6020$a8830805378 (v.1)$9(OLS)http://pul/number/70935 996 $6020$a8830805386$9(OLS)http://pul/number/70936 996 $6245$aGesł il Salvatore$9(OLS)http://pul/title/75296 996 $6260$aAssisi :$bCittadella$9(OLS)http://pul/publisher/49668